000 01252pam a2200337 a 4500
001 2086330
003 ARRUPE
005 20131219171443.0
008 950316s1995 nyua b 001 0 eng
010 _a 95008479
020 _a0415035430
020 _a0415035449 (pbk.)
040 _aDLC
_cDLC
_dDLC
043 _ae-uk-en
050 0 0 _aGN645
_b.M32 1995
082 0 0 _a155.8/496
_220
100 1 _aMama, Amina.
_96150
245 1 0 _aBeyond the masks :
_brace, gender, and subjectivity /
_cAmina Mama.
260 _aNew York :
_bRoutledge,
_c1995.
300 _a203 p. :
_bill. ;
_c25 cm.
440 0 _aCritical psychology
_96151
504 _aIncludes bibliographical references ( p. 185-197)and index.
650 0 _aBlacks
_xPsychology.
_96152
650 0 _aFeminist psychology.
_96153
650 0 _aBlacks
_xRace identity.
_96154
650 0 _aWomen, Black
_zEngland
_zLondon.
_96155
856 4 2 _3Publisher description
_uhttp://www.loc.gov/catdir/enhancements/fy0648/95008479-d.html
906 _a7
_bcbc
_corignew
_d1
_eocip
_f19
_gy-gencatlg
942 _2lcc
_cMONOGRAPH
999 _c119409
_d119409